00923cam a22002773a 45000010005000000030006000050050017000110080041000280400015000690420007000840500007000911000033000982450053001312600029001845060030002135160020002436530021002636530066002846530066003506530035004166530039004516530032004906530054005228300028005768560041006043817PGUSA20140828083038.0030301s2003||||xxu|||||s|||||000 1 eng d aPGUSAbeng adc 4aPR1 aGalsworthy, John,d1867-193310aTo Leth[electronic resource] /cJohn Galsworthy bProject Gutenberg,c2003 aPublic domain in the USA. aElectronic text aDomestic fiction aEngland -- Social life and customs -- 20th century -- Fiction aEngland -- Social life and customs -- 19th century -- Fiction aFamilies -- England -- Fiction aMiddle class -- England -- Fiction aWomen -- England -- Fiction aForsyte family (Fictitious characters) -- Fiction 0aProject Gutenbergv381740uhttp://www.gutenberg.org/ebooks/3817